<?xml version="1.0" encoding="UTF-8"?>
<record
    xmlns:xsi="http://www.w3.org/2001/XMLSchema-instance"
    xsi:schemaLocation="http://www.loc.gov/MARC21/slim http://www.loc.gov/standards/marcxml/schema/MARC21slim.xsd"
    xmlns="http://www.loc.gov/MARC21/slim">

  <leader>04194nam a2200241   4500</leader>
  <datafield tag="020" ind1=" " ind2=" ">
    <subfield code="a">9780123751096</subfield>
    <subfield code="q">acid-free paper</subfield>
  </datafield>
  <datafield tag="040" ind1=" " ind2=" ">
    <subfield code="c">PAK - NSHS NUST</subfield>
  </datafield>
  <datafield tag="100" ind1=" " ind2=" ">
    <subfield code="a">Benjamin Caballero.</subfield>
    <subfield code="9">134403</subfield>
  </datafield>
  <datafield tag="245" ind1=" " ind2=" ">
    <subfield code="a">Guide to nutritional supplements /</subfield>
    <subfield code="c">Caballero, Benjamin </subfield>
  </datafield>
  <datafield tag="250" ind1=" " ind2=" ">
    <subfield code="a">1st Edition.</subfield>
  </datafield>
  <datafield tag="260" ind1=" " ind2=" ">
    <subfield code="a">Oxford, UK :</subfield>
    <subfield code="b"> Elsevier/Academic Press, </subfield>
    <subfield code="c">2009.</subfield>
  </datafield>
  <datafield tag="300" ind1=" " ind2=" ">
    <subfield code="a">xii, 548 pages. : </subfield>
    <subfield code="c">29 cm.</subfield>
  </datafield>
  <datafield tag="440" ind1=" " ind2=" ">
    <subfield code="a">Guide to nutritional supplements /</subfield>
    <subfield code="9">134404</subfield>
  </datafield>
  <datafield tag="500" ind1=" " ind2=" ">
    <subfield code="a">Includes bibliographical references and index.</subfield>
  </datafield>
  <datafield tag="505" ind1=" " ind2=" ">
    <subfield code="a">Amino Acids -Specific Functions

Anemia-Iron-Deficiency Anemia

Antioxidants

Diet and Antioxidant Defense

Antioxidants -Intervention Studies

Antioxidants -Observational Studies

Ascorbic Acid

Physiology, Dietary Sources and Requirements

Biotin

Brain and Nervous System

Caffeine

Calcium

Carbohydrates- Requirements and Dietary Importance

Carbohydrates -Resistant Starch and Oligosaccharides

Carotenoids -Chemistry, Sources and Physiology

Carotenoids -Epidemiology of Health Effects

Vitamin D- Physiology, Dietary Sources and Requirements

Vitamin D- Rickets and Osteomalacia

Copper

Coronary Heart Disease -Lipid Theory

Coronary Heart Disease -Prevention

Dietary Fiber -Physiological Effects and Effects on Absorption

Dietary Fiber -Potential Role in Etiology of Disease

Dietary Fiber -Role in Nutritional Management of Disease

Supplementation

Dietary Supplements

Fatty Acids -Monounsaturated

Fatty Acids -Omega-3 Polyunsaturated

Fatty Acids -Omega-6 Polyunsaturated

Fatty Acids -Saturated

Fatty Acids -Trans Fatty Acids

Fatty Acids -Metabolism

Fish

Folic Acid

Fructose

Functional Foods

Regulatory Aspects

Glycemic Index

Iodine

Deficiency Disorders

Iodine

Physiology, Dietary Sources and Requirements

Magnesium

Manganese

Supplementation

Developing Countries

Supplementation

Developed Countries

Niacin

Nuts and Seeds

Older People

Nutritional Requirements

Pantothenic Acid

Phosphorus

Phytochemicals

Classification and Occurrence

Phytochemicals

Epidemiological Factors

Potassium

Pregnancy

Nutrient Requirements

Pregnancy

Prevention of Neural Tube Defects

Microbiota of the Intestine

Probiotics

Protein

Requirements and Role in Diet

Vitamin A

Physiology

Vitamin A

Deficiency and Interventions

Riboflavin

Sodium

Salt Intake and Health

Selenium

Sodium

Physiology

Sports Nutrition

Sucrose

Dietary Sucrose and Disease

Supplementation

Role of Micronutrient Supplementation

Thiamin

Beriberi

Thiamin

Physiology

Vitamin E

Physiology and Health Effects

Ultratrace Elements

Vegetarian Diets

Vitamin A

Biochemistry and Physiological Role

Vitamin B6

Vitamin E

Metabolism and Requirements

Vitamin K

Whole Grains

Zinc

Physiology

Lycopenes and Related Compounds

Tea

Zinc

Deficiency in Developing Countries, Intervention Studies

Functional Foods

Health Effects and Clinical Applications</subfield>
    <subfield code="t">Guide to nutritional supplements /</subfield>
  </datafield>
  <datafield tag="520" ind1=" " ind2=" ">
    <subfield code="a">"Guide to Nutritional Supplements is a comprehensive reference book edited by Benjamin Caballero that explains the scientific, nutritional, and clinical aspects of dietary supplements. The book covers vitamins, minerals, amino acids, antioxidants, fatty acids, herbal products, and functional foods, with emphasis on their roles in human health, disease prevention, and nutrition therapy. It discusses the benefits, safety, recommended intake, metabolism, and possible interactions of supplements, while also addressing topics such as sports nutrition, vegetarian diets, cardiovascular health, and micronutrient deficiencies. The text is designed for students, nutritionists, healthcare professionals, and researchers seeking evidence-based information about nutritional supplementation.." Provided by Publisher.</subfield>
  </datafield>
  <datafield tag="546" ind1=" " ind2=" ">
    <subfield code="a">In English.</subfield>
  </datafield>
  <datafield tag="650" ind1=" " ind2=" ">
    <subfield code="a">Dietary supplements.</subfield>
    <subfield code="9">130317</subfield>
  </datafield>
  <datafield tag="650" ind1=" " ind2=" ">
    <subfield code="a">Dietary Supplements.</subfield>
    <subfield code="9">130317</subfield>
  </datafield>
  <datafield tag="700" ind1=" " ind2=" ">
    <subfield code="a">Caballero, Benjamin.</subfield>
    <subfield code="9">134405</subfield>
  </datafield>
  <datafield tag="760" ind1=" " ind2=" ">
    <subfield code="b">1st Edition.</subfield>
  </datafield>
  <datafield tag="942" ind1=" " ind2=" ">
    <subfield code="2">ddc</subfield>
    <subfield code="c">BK</subfield>
    <subfield code="e">1st Edition</subfield>
  </datafield>
  <datafield tag="999" ind1=" " ind2=" ">
    <subfield code="c">617386</subfield>
    <subfield code="d">617386</subfield>
  </datafield>
  <datafield tag="952" ind1=" " ind2=" ">
    <subfield code="0">0</subfield>
    <subfield code="1">0</subfield>
    <subfield code="2">ddc</subfield>
    <subfield code="4">0</subfield>
    <subfield code="7">-2</subfield>
    <subfield code="a">NSHS</subfield>
    <subfield code="b">NSHS</subfield>
    <subfield code="c">GEN</subfield>
    <subfield code="d">2026-05-11</subfield>
    <subfield code="e">Allied Book Company.</subfield>
    <subfield code="o">613.2 CAB</subfield>
    <subfield code="p">NSHS-2167</subfield>
    <subfield code="r">2026-05-11</subfield>
    <subfield code="t">c.1</subfield>
    <subfield code="w">2026-05-11</subfield>
    <subfield code="y">BK</subfield>
  </datafield>
  <datafield tag="952" ind1=" " ind2=" ">
    <subfield code="0">0</subfield>
    <subfield code="1">0</subfield>
    <subfield code="2">ddc</subfield>
    <subfield code="4">0</subfield>
    <subfield code="7">0</subfield>
    <subfield code="a">NSHS</subfield>
    <subfield code="b">NSHS</subfield>
    <subfield code="c">GEN</subfield>
    <subfield code="d">2026-05-11</subfield>
    <subfield code="o">613.2 CAB</subfield>
    <subfield code="p">NSHS-2168</subfield>
    <subfield code="r">2026-05-11</subfield>
    <subfield code="t">c.2</subfield>
    <subfield code="w">2026-05-11</subfield>
    <subfield code="y">BK</subfield>
  </datafield>
</record>
